000 00187 a2200097 4500
020 _a9780380818655
041 _aeng
100 _aBockoven, Georgia
245 _aAnother Summer
942 _cBK
999 _c7686
_d7686